000 01927nam a2200289Ia 4500
999 _c54774
_d54774
001 21842
003 GE_BSU
005 20220607161815.0
008 181216s ||||ge |||||||||||||| ||geo||
020 _a9789941955013
040 _cGE_BSU
041 _ageo
080 _a005+378 მ-56
245 _aმენეჯმენტი :ქეისები, ტრენინგები, საქმიანი თამაშები :
_bდამხმ. სახელმძღვ. /
_cშემდგ. : პარმენ ხვედელიძე, ბადრი გეჩბაია, ქეთევან გოლეთიანი ; რედ. ნინო ფარესაშვილი.
264 _aთბილისი :
_bკალმასონი,
_c2018.
300 _a273 გვ. :
_bცხრ. ;
_c20 სმ.
500 _aწიგნი განკუთვნილია უმაღლესი სასწავლებლის სტუდენტებისათვის, მასწავლებელთათვის, მმართველი კადრების მომზადების პროგრამის მსმენელთათვის, აგრეთვე მარკეტოლოგებისათვის, მენეჯერებისა და ეკონომისტებისათვის
541 _h5ლ.
653 _aგანათლება
653 _aმენეჯმენტი
653 _aქეისები
653 _aტრენინგები
653 _aსაქმიანი თამაშები
700 _aფარესაშვილი, ნინო
_eრედაქტორი
_97228
710 _aბათუმის ნავიგაციის სასწავლო უნივერსიტეტი
_911463
942 _cBK
_2udc